| 000 | 00000nam##2200000za#4500 |
| 001 | 9.699514 |
| 003 | CaOODSP |
| 005 | 20210625000421 |
| 007 | cr ||||||||||| |
| 008 | 150407|2001||||xxc|||||o f|0| 0 eng|d |
| 040 | |aCaOODSP|beng |
| 043 | |an-cn--- |
| 086 | 1 |aA22-228/2001E-PDF |
| 110 | 1 |aCanada. |bAgriculture and Agri-Food Canada. |
| 245 | 10|aAgriculture : |h[electronic resource]|bfood and much more |
| 260 | |aOttawa - Ontario : |bAgriculture and Agri-Food Canada |cc2001. |
| 300 | |a24p.|bphotographs |
| 500 | |aHistorical publication digitized by Agriculture and Agri-Food Canada. |
| 590 | |a15-01-Supp|b2015-01-26 |
| 690 | 07|aAgri-food industry|2gcpds |
| 690 | 07|aInnovation|2gcpds |
| 775 | 08|tAgriculture : |w(CaOODSP)9.643467 |
| 776 | 0#|tAgriculture: food and much more |w(CaOODSP)9.648251 |
| 856 | 40|ahttp://publications.gc.ca|qPDF|s1.6 MB|uhttps://publications.gc.ca/collections/collection_2014/aac-aafc/agrhist/A22-228-2001-eng.pdf |
| 986 | |a2084/E |